Species diversity of bats in underground roosts of the Western Stara Planina Mts. (Bulgaria)

Bibliographic Details
Main Authors: Rumiana S. Pandurska (Author), Vladimir A. Beshkov (Author)
Format: Article
Language:English
ISBN:8088850193
Subjects:

MARC

LEADER 00000naa a2200000 a 4500
001 vtls011849833
003 SK-MaSNL
005 20260302134100.0
008 210910|1998 xo |||||||||||||||||eng|
015 |a SNBCL 
035 |a (urnnbn)urn:nbn:sk:snk:ar-a0ar3v 
035 |a urn:nbn:sk:snk-aaw54g 
035 |a (uuid)1e899537-606f-4a96-abb2-611149f10daf 
040 |a SNKBUCL  |b slo  |c SNKBUCL  |e AACR2 
041 |a eng 
044 |a xo  |c SK 
100 1 |a Rumiana S. Pandurska  |4 aut  |9 821360 
245 1 0 |a Species diversity of bats in underground roosts of the Western Stara Planina Mts. (Bulgaria)  |c Rumiana S. Pandurska, Vladimir A. Beshkov 
336 |a text  |b txt  |c rdacontent 
337 |a bez média  |b n  |c rdamedia 
338 |a zväzok  |b nc  |c rdacarrier 
655 7 |a články zo zborníkov  |2 snkbucl  |9 166140 
700 1 |a Vladimir A. Beshkov  |4 aut  |9 821361 
773 0 |t Vespertilio  |d Banská Bystrica : Slovenská agentúra životného prostredia, 1998  |g S. 81-91  |z 8088850193 
958 |a OND 
958 |a article26 
958 |a chapter 
999 |c 1319933  |d 1321863